|
|
|
|
| LEADER |
00933nam a2200325 4500 |
| 001 |
DLU060054710 |
| 005 |
##20060721 |
| 040 |
# |
# |
|a DLU
|b vie
|
| 041 |
# |
# |
|a vie
|
| 044 |
# |
# |
|a vn
|
| 082 |
# |
# |
|a 410
|b LA-R
|
| 100 |
# |
# |
|a Lado, Robert
|
| 245 |
# |
# |
|a Ngôn ngữ học qua các nền văn hoá /
|c Robert Lado; Hoàng Văn Vân dịch
|
| 260 |
# |
# |
|a H. :
|b Đại học Quốc gia,
|c 2003
|
| 300 |
# |
# |
|a 260 tr. ;
|c 19 cm
|
| 504 |
# |
# |
|a Thư mục tuyển chọn :tr.135-238
|
| 650 |
# |
# |
|a Ngôn ngữ học ứng dụng.
|
| 650 |
# |
# |
|a Ngôn ngữ và ngôn ngữ học
|x Dạy và học.
|
| 650 |
# |
# |
|a Tiếng Anh
|x Dạy và học
|x Người nói tiếng nước ngoài.
|
| 700 |
# |
# |
|a Hoàng Văn Vân
|e dịch
|
| 923 |
# |
# |
|a 14/2006
|
| 992 |
# |
# |
|a 20.800
|
| 994 |
# |
# |
|a DLU
|
| 900 |
# |
# |
|a True
|
| 911 |
# |
# |
|a Đào Thị Thu Huyền
|
| 925 |
# |
# |
|a G
|
| 926 |
# |
# |
|a A
|
| 927 |
# |
# |
|a SH
|
| 980 |
# |
# |
|a Thư viện Trường Đại học Đà Lạt
|